000 00380nam a2200145Ia 4500
008 210716s1970 xx 000 0 und d
041 _aeng
082 _a113 BIEA
100 _aBierman, A K;Gould, James A.
245 _aPhilosophy for a new generation.
250 _a1
260 _aLondon
_bMacmillan
_c1970
300 _axvii,622
650 _aPhilosophy and psychology(100)
999 _c201104
_d201104